Loading...
| Fine Arts - Auditory Fine Arts | 4 | 20.00 | 75% | 100% | 25% |
| Fine Arts - Other Fine Arts | 5 | 20.00 | 80% | 100% | 20% |
| Fine Arts - Visual Fine Arts | 4 | 27.50 | 100% | 100% | 75% |
| Geography | 1 | 30.00 | 100% | 100% | 100% |
| History - American History | 4 | 25.00 | 100% | 50% | 100% |
| History - European History | 6 | 15.00 | 100% | 50% | 0% |
| History - Other History | 5 | 24.00 | 100% | 80% | 60% |
| History - World History | 4 | 22.50 | 100% | 100% | 25% |
| Literature - American Literature | 5 | 22.00 | 100% | 100% | 20% |
| Literature - British Literature | 3 | 20.00 | 100% | 100% | 0% |
| Literature - European Literature | 3 | 20.00 | 100% | 100% | 0% |
| Literature - World Literature | 5 | 24.00 | 100% | 100% | 40% |
| Mythology | 5 | 22.00 | 100% | 80% | 40% |
| Other Academic | 1 | 10.00 | 100% | 0% | 0% |
| Philosophy | 4 | 25.00 | 100% | 75% | 75% |
| Pop Culture | 2 | 20.00 | 100% | 50% | 50% |
| Popular Culture | 1 | 10.00 | 100% | 0% | 0% |
| Religion | 6 | 23.33 | 100% | 100% | 33% |
| Science - Biology | 4 | 15.00 | 100% | 25% | 25% |
| Science - Chemistry | 5 | 16.00 | 100% | 60% | 0% |
| Science - Other Science | 6 | 18.33 | 83% | 83% | 17% |
| Science - Physics | 4 | 20.00 | 100% | 75% | 25% |
| Social Science | 7 | 21.43 | 71% | 86% | 57% |